| 000 | 00353nam a22001577a 4500 | ||
|---|---|---|---|
| 003 | OSt | ||
| 020 | _a9789698535155 | ||
| 040 | _a0 | ||
| 082 |
_a297.577 _bASA ND |
||
| 100 | _aAsaal, Ahmed | ||
| 245 |
_aIslam ka Khandani Nizam _cAhmed Asaal |
||
| 260 |
_aIslamabad _bNUST _cND |
||
| 300 |
_a452p. _b: ill. _c22cm |
||
| 650 | _aIslam | ||
| 942 |
_2ddc _cBK |
||
| 999 |
_c16416 _d16416 |
||